000 00484nam a2200181Ia 4500
003 OSt
005 20260120091026.0
008 210210b1950 xxu||||| |||| 00| 0 eng d
040 _cAL
041 _aKannada
082 _a859/161
100 _aAYYAR (K V)
_9154971
_dಅಯ್ಯರ್ (ಕೆ ವಿ)
245 _aRupadarshi:
_bರೂಪದರ್ಶಿ
260 _aMaisuru
_bUsha Sahitya Male
_c1950
690 _aKannada Fiction
_9154973
906 _a020940
942 _2ddc
_cBK
999 _c145101
_d145101